[Event "8th Open"]
[Site "La Fere FRA"]
[Date "2009.07.06"]
[Round "3"]
[White "Malaniuk,V"]
[Black "Genov,Peta"]
[Result "1-0"]
[WhiteElo "2563"]
[BlackElo "2478"]

1.d4 Nf6 2.c4 e6 3.Nc3 Bb4 4.Nf3 c5 5.g3 Ne4 6.Qd3 Qa5 7.Qxe4 Bxc3+ 8.Bd2 Bxd2+
9.Nxd2 Nc6 10.dxc5 b6 11.Bg2 Bb7 12.Qf4 bxc5 13.Qd6 Nd8 14.O-O Bxg2 15.Kxg2 Nb7
16.Qd3 Rd8 17.Ne4 Qb6 18.Rfd1 d6 19.Rd2 h6 20.Rad1 O-O 21.Qf3 Rd7 22.g4 f5
23.gxf5 Rxf5 24.Qg4 Kh7 25.Ng3 Qc6+ 26.f3 Rf6 27.Qe4+ Qxe4 28.Nxe4 Rg6+ 29.Kf2 e5
30.Rd5 Re6 31.b3 Kg6 32.Rxc5 Nxc5 33.Nxc5 dxc5 34.Rxd7 Ra6 35.Rd5 Rxa2 36.Rxc5 Rb2
37.Rb5 Kf5 38.h4 h5 39.b4 a6 40.Rb8 Rc2 41.c5 a5 42.bxa5 Rxc5 43.a6 Ra5 44.Ra8 Kg6
45.a7 Ra3 46.e3 Ra2+ 47.Kg3 Ra4 48.Kg2 Ra2+ 49.Kf1 Kh7 50.Ke1 g6 51.e4 Ra1+
52.Ke2 Ra2+ 53.Kf1 Ra1+ 54.Kg2 Ra2+ 55.Kg3 Ra3 56.Re8 Rxa7 57.Rxe5 Kg7 58.Rb5 Ra1
59.Rb7+ Kf6 60.Rb6+ Kf7 61.Kf4 Rh1 62.e5 Rh3 63.Ra6 Rxh4+ 64.Kg5 Rh3 65.Rf6+ Ke7
66.Kxg6 h4 67.Kg5 Rh1 68.f4 h3 69.Kg4 h2 70.Kg3 Ra1 71.Kxh2 Ra3 72.Kg2 Rb3
73.Kf2 Ra3 74.Ke2 Rb3 75.Rd6 Rh3 76.Rd3 Rh1 77.Kf3  1-0

[Event "37th Greek Teams"]
[Site "Kallithea GRE"]
[Date "2009.07.07"]
[Round "7"]
[White "Tregubov,P"]
[Black "Nikolaidis,I"]
[Result "1-0"]
[WhiteElo "2652"]
[BlackElo "2529"]

1.d4 Nf6 2.c4 e6 3.Nc3 Bb4 4.Nf3 b6 5.Bg5 Bb7 6.Nd2 h6 7.Bh4 Bxc3 8.bxc3 d6
9.f3 Nbd7 10.e4 Qe7 11.Qa4 g5 12.Bf2 c5 13.Bd3 Nh5 14.g3 Kd8 15.O-O-O Kc7
16.Rde1 Rac8 17.Kb1 Kb8 18.Nf1 Nhf6 19.Ne3 Ka8 20.Qd1 h5 21.h3 Rhg8 22.Ka1 g4
23.hxg4 hxg4 24.Rh4 Rg7 25.Nxg4 Nxg4 26.Rxg4 Rxg4 27.fxg4 Rg8 28.e5 dxe5
29.dxe5 Rg5 30.Be3 Rxe5 31.Qd2 Nf6 32.Rd1 Ne4 33.Bxe4 Rxe4 34.Bg5 f6 35.Qd8+ Qxd8
36.Rxd8+ Bc8 37.Bxf6 Kb7 38.g5 Rg4 39.Rg8 Rxg3 40.Rg7+ Ka6 41.Kb2 Rg4 42.Be5 Rxc4
43.g6 Re4 44.Bb8 e5 45.Rxa7+ Kb5 46.Re7 Rg4 47.g7 Bf5 48.Bxe5 Bd3 49.Ra7 Be4
50.a4+ Kc4 51.Rd7 Rg2+ 52.Kc1 Bd5 53.Rd6 Rg5 54.Bf6 Rg1+ 55.Kd2 Rg2+ 56.Ke3  1-0

[Event "ch-NOR"]
[Site "Bergen NOR"]
[Date "2009.07.08"]
[Round "5"]
[White "Agdestein,S"]
[Black "Hammer,J"]
[Result "1/2-1/2"]
[WhiteElo "2572"]
[BlackElo "2583"]

1.c4 Nf6 2.Nf3 e6 3.Nc3 Bb4 4.d4 c5 5.e3 O-O 6.Bd3 d5 7.O-O Nc6 8.a3 Ba5
9.Na4 dxc4 10.Bxc4 cxd4 11.exd4 Qd6 12.b4 Bc7 13.Nc3 Rd8 14.Nb5 Qe7 15.Nxc7 Qxc7
16.Bd3 b6 17.Qc2 Qd6 18.Bg5 Bb7 19.Bxf6 gxf6 20.Bxh7+ Kg7 21.Be4 Nxd4 22.Nxd4 Bxe4
23.Qxe4 Qxd4 24.Qf3 Qd5 25.Qg4+ Qg5 26.Qf3 Qd5 27.Qg4+ Qg5 28.Qf3  1/2-1/2

[Event "ch-SWE"]
[Site "Kungsor SWE"]
[Date "2009.07.08"]
[Round "10"]
[White "Grandelius,N"]
[Black "Hillarp Persson,T"]
[Result "1-0"]
[WhiteElo "2491"]
[BlackElo "2618"]

1.d4 Nf6 2.c4 e6 3.Nc3 Bb4 4.Nf3 b6 5.Qb3 c5 6.Bg5 Bb7 7.O-O-O Bxc3 8.Qxc3 Ne4
9.Bxd8 Nxc3 10.bxc3 Kxd8 11.d5 Ke7 12.e4 d6 13.dxe6 fxe6 14.e5 d5 15.Nh4 g5
16.Nf3 h6 17.Bd3 Nd7 18.Rhe1 Raf8 19.cxd5 Bxd5 20.Be4 Bxe4 21.Rxe4 Rhg8 22.h3 h5
23.Rd2 Rf4 24.Re3 b5 25.g3 Ra4 26.h4 gxh4 27.Nxh4 Nb6 28.Red3 Re4 29.f4 b4
30.cxb4 cxb4 31.Rc2 Nc4 32.Ng2 h4 33.gxh4 a5 34.h5 Rh8 35.Rh3 a4 36.Rf2 Na3
37.Nh4 Rc8+ 38.Kd1 Nb1 39.h6 Rd8+ 40.Kc1  1-0

[Event "37th Greek Teams"]
[Site "Kallithea GRE"]
[Date "2009.07.09"]
[Round "9"]
[White "Wojtaszek,R"]
[Black "Nikolaidis,I"]
[Result "1/2-1/2"]
[WhiteElo "2637"]
[BlackElo "2529"]

1.d4 e6 2.c4 Nf6 3.Nc3 Bb4 4.Nf3 b6 5.Bg5 Bb7 6.Nd2 h6 7.Bh4 Be7 8.e4 O-O
9.Bg3 d5 10.cxd5 exd5 11.e5 Nfd7 12.Bd3 c5 13.O-O cxd4 14.Nb5 Nc5 15.Nf3 Nxd3
16.Qxd3 Nc6 17.Nfxd4 Nxd4 18.Nxd4 Qd7 19.f4 Bc5 20.Bf2 Qg4 21.Be3 f6 22.h3 Qc8
23.exf6 Rxf6 24.Rf2 Qe8 25.Re1 Qe4 26.Qxe4 dxe4 27.g4 Rd8 28.Nf5 Bf8 29.Rc2 Rf7
30.Nd4 Bb4 31.Ree2 Ba6 32.Nc6 Rd1+ 33.Kf2 Bd6 34.Re1 Rxe1 35.Kxe1 Bxf4 36.Bxf4 Rxf4
37.Rf2 g5 38.Ne7+ Kf7 39.Rxf4+ gxf4 40.Nd5 f3 41.Kf2 Bb7 42.Nc3 Kf6 43.h4 Ke5
44.Ke3 Bd5 45.a3 Bc6 46.Nd1 Be8 47.Nc3 Bg6 48.b4 Bh7 49.Nb5 a5 50.Nc3 Bg6
51.Na4 axb4 52.axb4 Bf7  1/2-1/2

[Event "61st ch-MNE"]
[Site "Cetinje MNE"]
[Date "2009.07.10"]
[Round "1"]
[White "Drasko,M"]
[Black "Blagojevic,Dr"]
[Result "1/2-1/2"]
[WhiteElo "2527"]
[BlackElo "2545"]

1.d4 Nf6 2.c4 e6 3.Nc3 Bb4 4.Nf3 c5 5.g3 Nc6 6.Bg2 Ne4 7.Qd3 cxd4 8.Nxd4 Nxc3
9.bxc3 Ne5 10.Qc2 Be7 11.Qb3 O-O 12.Bf4 Qc7 13.O-O d6 14.Nb5 Qc5 15.Na3  1/2-1/2

[Event "Ch-Paris Int"]
[Site "Coubertin FRA"]
[Date "2009.07.11"]
[Round "8"]
[White "Shchekachev,A"]
[Black "Fedorchuk,S"]
[Result "0-1"]
[WhiteElo "2530"]
[BlackElo "2655"]

1.d4 Nf6 2.c4 e6 3.Nc3 Bb4 4.Nf3 c5 5.g3 cxd4 6.Nxd4 Ne4 7.Qd3 Nxc3 8.bxc3 Be7
9.Bg2 O-O 10.O-O Nc6 11.Bf4 g5 12.Be3 Ne5 13.Qe4 d6 14.Nf3 f5 15.Qd4 Nf7
16.Rfd1 Bf6 17.Qd3 Bd7 18.c5 d5 19.Rab1 Ba4 20.Re1 Qe7 21.Rb4 Bc6 22.Nd4 Ne5
23.Qc2 Rac8 24.Reb1 Rc7 25.Qb3 Nc4 26.Bc1 a5 27.Nxc6 bxc6 28.Rb7 Rfc8 29.Rxc7  0-1

[Event "KUTXA"]
[Site "Donostia ESP"]
[Date "2009.07.11"]
[Round "4"]
[White "Ubilava,E"]
[Black "Bauer,Ch"]
[Result "0-1"]
[WhiteElo "2547"]
[BlackElo "2602"]

1.d4 Nf6 2.c4 e6 3.Nc3 Bb4 4.Nf3 c5 5.g3 Bxc3+ 6.bxc3 Qa5 7.Qd3 b6 8.Bg2 Bb7
9.O-O Be4 10.Qe3 O-O 11.g4 d5 12.g5 Nfd7 13.cxd5 Bxd5 14.c4 cxd4 15.Qxd4 Nc6
16.Qh4 Bxf3 17.exf3 Rac8 18.Rd1 Nce5 19.f4 Qa4 20.Be3 Nxc4 21.Bd4 Nd6 22.Qh3 Nf5
23.Be4 Rc4 24.Bxf5 exf5 25.Qe3 Nc5 26.Be5 Ne6 27.Qb3 Nxf4 28.Qxa4 Rxa4 29.Bxf4 Rxf4
30.h3 Ra4 31.Rd2 g6 32.Rc1 Kg7 33.Rc7 b5 34.Rb7 a6 35.Kg2 h6 36.gxh6+ Kxh6
37.Ra7 Kg5 38.Rc2 Ra3 39.Rd2 Rh8 40.Rxf7 Rhxh3 41.Rd6 Rh6 42.Rff6 a5 43.Rfe6 Rxa2
44.Re3 Rh4 45.Ree6 Rg4+ 46.Kh3 Ra3+ 47.Kh2 Kh4  0-1

[Event "IM"]
[Site "Saint-Lo FRA"]
[Date "2009.07.11"]
[Round "5"]
[White "Marchand,F"]
[Black "Song,Ju"]
[Result "1-0"]
[WhiteElo "2251"]
[BlackElo "2319"]

1.d4 Nf6 2.c4 e6 3.Nc3 Bb4 4.Nf3 b6 5.g3 Bb7 6.Bg2 O-O 7.O-O Bxc3 8.bxc3 d6
9.Bg5 h6 10.Bxf6 Qxf6 11.Qd3 e5 12.Ng5 hxg5 13.Bxb7 Nd7 14.Bxa8 Rxa8 15.Qe4 Re8
16.Qc6 Qd8 17.Rfe1 e4 18.a4 a5 19.Rab1 g6 20.Red1 Kg7 21.c5 bxc5 22.Rb7 e3
23.f3 g4 24.Rxc7 gxf3 25.Qxd7 Qf6 26.Qxe8  1-0

[Event "Diputacion Foral de Gipuzkoa"]
[Site "Donostia ESP"]
[Date "2009.07.12"]
[Round "5"]
[White "Sachdev,T"]
[Black "Milliet,S"]
[Result "0-1"]
[WhiteElo "2410"]
[BlackElo "2388"]

1.d4 Nf6 2.c4 e6 3.Nc3 Bb4 4.Nf3 c5 5.g3 cxd4 6.Nxd4 O-O 7.Bg2 d5 8.cxd5 Nxd5
9.Qb3 Nc6 10.Nxc6 bxc6 11.O-O Rb8 12.Ne4 Ba6 13.Qc2 Be7 14.a3 Qb6 15.Re1 Qb3
16.Qxb3 Rxb3 17.Nd2 Rb7 18.e4 Nb6 19.b4 c5 20.bxc5 Bxc5 21.Nb3 Be7 22.Na5 Rc7
23.Bf4 Rc2 24.Rec1 Rfc8 25.Be3 Rxc1+ 26.Rxc1 Bxa3 27.Rxc8+ Bxc8 28.Nc6 Bd7
29.Nxa7 Nc4 30.Bf4 Bc5 31.Bf1 Nb2 32.Bb5 Bxb5 33.Nxb5 Nd1 34.Bd6 Bxf2+ 35.Kf1 Bb6
36.Ke2 Nf2 37.Kf3 h5 38.h4 Ng4 39.Nc3 Bd4 40.Ne2 Be5 41.Bb4 f6 42.Bd2 Kf7
43.Nc1 Bd6 44.Kg2 Ne5 45.Ne2 g6 46.Nd4 Nc4 47.Be1 Be5 48.Nc2 Ke7 49.Kf3 Bb2
50.Bb4+ Kf7 51.Ke2 f5 52.exf5 gxf5 53.Ne1 Be5 54.Kf3 Bd6 55.Bxd6 Nxd6 56.Nd3 Ne4
57.Nf4 Nf6 58.Nd3 Nd5 59.Ne5+ Kf6 60.Nd7+ Ke7 61.Ne5 Kf6 62.Nd7+ Kf7 63.Ke2 Ke7
64.Ne5 Kd6 65.Nf7+ Kc5 66.Ng5 Nc7 67.Nh7 Ne8 68.Ke3 e5 69.Ng5 Kd5 70.Nh7 Kd6
71.Kf3 Ng7 72.Ke3 Ke7 73.Ng5 Ne6 74.Nf3 Kd6 75.Ne1 e4 76.Ng2 Ke5 77.Kf2 f4
78.gxf4+ Nxf4 79.Ne3 Nd5 80.Ng2 Kd4 81.Ne1 Nf4 82.Kg3 Ng6 83.Ng2 Kd3 84.Kf2 Kd2
85.Ne3 Nxh4 86.Nf1+ Kd3 87.Ng3 e3+ 88.Ke1 Nf3+ 89.Kd1 Nd4 90.Ke1 h4  0-1

[Event "6th South Wales Int"]
[Site "Treforest WLS"]
[Date "2009.07.12"]
[Round "2"]
[White "Menadue,J"]
[Black "Davis,Le"]
[Result "1/2-1/2"]
[WhiteElo "2174"]
[BlackElo "1948"]

1.d4 Nf6 2.c4 e6 3.Nc3 Bb4 4.Nf3 b6 5.Bg5 h6 6.Bh4 Bb7 7.e3 Bxc3+ 8.bxc3 d6
9.Bd3 Nbd7 10.O-O Qe7 11.Nd2 g5 12.Bg3 h5 13.f3 e5 14.Qc2 h4 15.Bf2 g4 16.fxg4 h3
17.g3 Bg2 18.Bf5 Rg8 19.Qd1 e4 20.Be1 Bxf1 21.Nxf1 Rg5 22.a4 a5 23.Rb1 Nf8
24.Nd2 Rd8 25.Rb5 Ne6 26.Nxe4 Nxe4 27.Bxe4 Rxb5 28.Bc6+ Kf8 29.axb5 Ng5 30.e4 Nxe4
31.Qc1 d5 32.Qh6+ Kg8 33.Bxd5  1/2-1/2

[Event "Lake Sevan GM"]
[Site "Martuni ARM"]
[Date "2009.07.13"]
[Round "4"]
[White "Babujian,L"]
[Black "Lysyj,I"]
[Result "1-0"]
[WhiteElo "2515"]
[BlackElo "2617"]

1.d4 e6 2.c4 Nf6 3.Nc3 Bb4 4.Nf3 Ne4 5.Qc2 f5 6.g4 O-O 7.gxf5 exf5 8.Rg1 Kh8
9.Bf4 d6 10.e3 Nd7 11.Bd3 Ndf6 12.O-O-O Bxc3 13.bxc3 Bd7 14.Ng5 Qe8 15.Rde1 b5
16.f3 Nxg5 17.Bxg5 bxc4 18.Bxc4 Rb8 19.e4 fxe4 20.fxe4 Nh5 21.Bb3 Be6 22.d5 Bf7
23.Be3 Bg6 24.Bxa7 Ra8 25.Bd4 c5 26.dxc6 Qxc6 27.Qd2 Qe8 28.Rg5 Nf6 29.h4 Bf7
30.Rxg7 Bxb3 31.Qh6  1-0

[Event "IM"]
[Site "Condom FRA"]
[Date "2009.07.14"]
[Round "5"]
[White "Brih,S"]
[Black "Navarrete Delgado,S"]
[Result "1-0"]
[WhiteElo "2318"]
[BlackElo "2242"]

1.d4 Nf6 2.Nf3 e6 3.c4 Bb4+ 4.Nc3 d5 5.a3 Bxc3+ 6.bxc3 c5 7.e3 Nbd7 8.cxd5 exd5
9.Bd3 O-O 10.O-O Re8 11.a4 c4 12.Bb1 Nf8 13.Ne5 Ng6 14.f4 Nxe5 15.fxe5 Bg4
16.Qe1 Ne4 17.Bxe4 dxe4 18.Rf4 Bh5 19.Ba3 Bg6 20.Qf2 Qd7 21.Bd6 Re6 22.d5 Rxd6
23.exd6 Qxd6 24.Qd2 Rc8 25.Rb1 b6 26.Rb4 Rc5 27.Rb5 Rc8 28.a5 bxa5 29.Rxa5 h6
30.Rf1 f6 31.Rfa1 Bf7 32.Qd4 f5 33.Qxa7 Qf6 34.Qd4 Qxd4 35.cxd4 Kh7 36.Ra8 Rxa8
37.Rxa8 Bxd5 38.Ra5 Bb7 39.Rxf5  1-0

[Event "Open"]
[Site "Condom FRA"]
[Date "2009.07.17"]
[Round "8"]
[White "Roques,O"]
[Black "Greabca,I"]
[Result "0-1"]
[WhiteElo "1820"]
[BlackElo "2061"]

1.d4 Nf6 2.c4 e6 3.Nf3 Bb4+ 4.Nc3 O-O 5.g3 d5 6.Bg2 dxc4 7.Ne5 c5 8.e3 cxd4
9.exd4 Nd5 10.Qc2 Nxc3 11.bxc3 Qxd4 12.Nf3 Qxc3+  0-1

[Event "Lake Sevan GM"]
[Site "Martuni ARM"]
[Date "2009.07.18"]
[Round "9"]
[White "Babujian,L"]
[Black "Zhigalko,S"]
[Result "0-1"]
[WhiteElo "2515"]
[BlackElo "2621"]

1.d4 Nf6 2.c4 e6 3.Nc3 Bb4 4.Nf3 c5 5.g3 O-O 6.Bg2 cxd4 7.Nxd4 d5 8.cxd5 Nxd5
9.Qb3 Na6 10.O-O Nxc3 11.bxc3 Bc5 12.Nc2 Qe7 13.Rb1 Bd6 14.Rd1 Nc5 15.Qc4 Rb8
16.Qd4 Rd8 17.Bf4 Bc7 18.Qxd8+ Bxd8 19.Bxb8 Bb6 20.Ne3 Na4 21.Bd6 Qf6 22.Bf3 Nxc3
23.Rbc1 Bxe3 24.fxe3 Bd7 25.Rf1 g6 26.Bg2 Nxe2+ 27.Kh1 Qd8 28.Rc2 Bc6 29.Bxc6 Qxd6
30.Bf3 Nxg3+ 31.hxg3 Qxg3 32.e4 b5 33.Bg2 h5 34.Rd2 Qh4+ 35.Kg1 Qe7 36.e5 Qc5+
37.Kh1 Qxe5 38.Rd8+ Kg7 39.Rd7 a5 40.Rdxf7+ Kh6 41.R7f6 Kg7 42.Rf7+ Kh6 43.R7f2 b4
44.Bc6 Qc3 45.Be8 Qh3+ 46.Kg1 Qe3 47.Rd1 g5 48.Bc6 g4 49.Kf1 h4 50.Re1 Qd3+
51.Kg1 Qg3+ 52.Kf1 e5 53.Be4 h3 54.Ree2 Qc3 55.Rf6+ Kg5 56.Rf5+ Kh4 57.Rc2 Qd4
58.Re2 g3 59.Rf8 Qd1+ 60.Re1 g2+ 61.Kf2 Qxe1+ 62.Kxe1 g1=Q+ 63.Ke2 Qa1 64.Bd5 Qd4
65.Be6 e4 66.Rg8 Qd3+ 67.Ke1 e3  0-1

[Event "Najdorf Mem Open"]
[Site "Warsaw POL"]
[Date "2009.07.18"]
[Round "1"]
[White "Nebolsina,V"]
[Black "Malec,S"]
[Result "0-1"]
[WhiteElo "2302"]
[BlackElo "2041"]

1.d4 Nf6 2.c4 e6 3.Nc3 Bb4 4.Nf3 c5 5.g3 cxd4 6.Nxd4 a6 7.Bg2 Qc7 8.O-O Nc6
9.Bg5 Be7 10.Rc1 Qa5 11.Bf4 O-O 12.Nb3 Qh5 13.e4 g5 14.Qxh5 Nxh5 15.Bc7 b5
16.e5 Ra7 17.Bb6 Rb7 18.Bc5 Bxc5 19.Nxc5 Rb8 20.cxb5 axb5 21.Bxc6 dxc6 22.N3e4 b4
23.f4 gxf4 24.g4 f5 25.exf6 Nxf6 26.Rxf4 Nd5 27.Rxf8+ Kxf8 28.Ng5 Ra8 29.Rf1+ Ke7
30.Nce4 h6 31.Rf7+ Ke8 32.Nd6+ Kd8 33.Nf3 c5 34.Ne5 Ra6 35.Ne4 Ne7 36.Nxc5 Rxa2
37.Ncd3 Bb7 38.h4 Be4 39.h5 Ke8 40.Nc5 Ra5 41.Rf4 Rxc5 42.Rxe4 Rc1+ 43.Kf2 Nd5
44.Nd3 Rc2+ 45.Kf3 Kf7 46.Re1 Kf6 47.Ke4 Rc4+ 48.Kf3 Rc2 49.Rf1 Rc4 50.Kg3+ Kg7
51.Ne5 Re4 52.Nc6 Nf6 53.Rf4 Re3+ 54.Kh4 Ne4 55.Rf1 Ng5 56.Rh1 Rb3 57.Ne5 Kf6
58.Ng6 e5 59.Rf1+ Ke6 60.Rh1 Rf3 61.Rh2 e4 62.Rh1 e3 63.Rh2 b3 64.Nf4+ Rxf4
65.Re2 Rf2 66.Rxe3+ Kd5 67.Rxb3 Rh2+  0-1

[Event "Quebec Open"]
[Site "Montreal CAN"]
[Date "2009.07.19"]
[Round "2"]
[White "Gagunashvili,M"]
[Black "Thavandiran,S"]
[Result "0-1"]
[WhiteElo "2574"]
[BlackElo "2291"]

1.d4 Nf6 2.c4 e6 3.Nc3 Bb4 4.Nf3 c5 5.d5 exd5 6.cxd5 d6 7.g3 O-O 8.Bg2 Bxc3+
9.bxc3 Qa5 10.Bb2 Qb6 11.Qc1 Nxd5 12.c4 Ne7 13.O-O Nbc6 14.Rd1 Qc7 15.Qf4 Rd8
16.h4 Ng6 17.Qe3 h6 18.h5 Nge7 19.Nh4 Bg4 20.Bf3 Qd7 21.Qf4 Bxf3 22.exf3 f6
23.Bxf6 gxf6 24.Qxf6 Qe8 25.Qxh6 Qf7 26.Re1 Qg7 27.Qd2 d5 28.cxd5 Rxd5 29.Qc2 Rxh5
30.Qc4+ Qf7 31.Qg4+ Kh8 32.Re6 Rh7 33.Rae1 Rg8 34.Qe4 Qh5 35.Kf1 Qd5 36.Qf4 Qg5
37.Qe4 Qd5 38.Qf4 Qd3+ 39.Kg2 Nd5 40.Qe4 Qxe4 41.R1xe4 Nce7 42.Kf1 b5 43.f4 Rf7
44.Nf3 c4 45.Ng5 Rf5 46.Rxe7 Nxe7 47.Rxe7 Rc8 48.Ke2 c3 49.Kd1 c2+ 50.Kc1 Rd5
51.Re1 b4 52.Ne4 Ra5 53.Kd2 c1=Q+ 54.Rxc1 Rxc1 55.Kxc1 Rxa2 56.f5 a5 57.g4 a4
58.g5 Re2 59.f3 a3 60.Nc5 Re1+  0-1

[Event "Najdorf Mem Open"]
[Site "Warsaw POL"]
[Date "2009.07.19"]
[Round "2"]
[White "Nedilko,V"]
[Black "Jacek,K"]
[Result "1-0"]
[WhiteElo "2414"]
[BlackElo "2047"]

1.d4 Nf6 2.c4 e6 3.Nc3 Bb4 4.Nf3 c5 5.g3 b6 6.Bg2 Bb7 7.O-O cxd4 8.Qxd4 O-O
9.b3 Bc5 10.Qf4 Nc6 11.Bb2 Qb8 12.Rad1 Qxf4 13.gxf4 d5 14.cxd5 Nxd5 15.Nxd5 exd5
16.a3 Rad8 17.b4 Bd6 18.e3 Ba6 19.Rfe1 Bc4 20.Nd2 Ne7 21.Nxc4 dxc4 22.b5 Nc8
23.Bf1 c3 24.Bxc3 Bxa3 25.Bd4 Bb4 26.Re2 Ne7 27.Rb2 Bc3 28.Ra2 Ba5 29.Rb1 Nd5
30.Rxa5 bxa5 31.Bxa7 Rd7 32.b6 Nxb6 33.Bxb6 Rb8 34.Rc1 a4 35.Bd4 a3 36.Bc4 Rdb7
37.Ba2 h6 38.Rc5 Rb2 39.Bxb2 Rxb2 40.Rc8+ Kh7 41.Bxf7 a2 42.Bxa2 Rxa2 43.Kg2 Ra6
44.f5 Rf6 45.e4 h5 46.Kg3 g6 47.Kf4  1-0

[Event "Najdorf Mem Open"]
[Site "Warsaw POL"]
[Date "2009.07.19"]
[Round "2"]
[White "Sliwerski,R"]
[Black "Ivanov,Sergey1"]
[Result "0-1"]
[WhiteElo "2105"]
[BlackElo "2528"]

1.d4 Nf6 2.c4 e6 3.Nc3 Bb4 4.Nf3 b6 5.Bg5 Bb7 6.e3 h6 7.Bh4 g5 8.Bg3 Ne4
9.Qb3 Bxc3+ 10.bxc3 d6 11.Bd3 Nd7 12.Rd1 O-O 13.Qc2 f5 14.O-O Qf6 15.Bxe4 Bxe4
16.Qa4 Rf7 17.Nd2 Bb7 18.f3 e5 19.Bf2 a5 20.e4 Raf8 21.d5 Qg6 22.Qc2 f4 23.Rfe1 Nf6
24.Kf1 g4 25.Ke2 Qh5 26.h3 gxf3+ 27.gxf3 Kh7 28.h4 Rg7 29.Rg1 Rfg8 30.Qb1 Rg2
31.Rxg2 Rxg2 32.Rh1 Qg6 33.Rg1 Nh5 34.Qe1 Ba6 35.Kd3 Rxg1 36.Bxg1 Qg2 37.a3 Ng3
38.Qf2 Qxf2 39.Bxf2 Kg6 40.Bxg3 fxg3 41.Ke3 Kh5 42.f4 exf4+ 43.Kxf4 Kxh4
44.Nf3+ Kh3 45.Ng1+ Kh2 46.Nf3+ Kg2 47.e5 dxe5+ 48.Nxe5 h5  0-1

[Event "Najdorf Mem Open"]
[Site "Warsaw POL"]
[Date "2009.07.19"]
[Round "2"]
[White "Brodsky,M"]
[Black "Wojciechowski,Pi"]
[Result "1/2-1/2"]
[WhiteElo "2522"]
[BlackElo "2279"]

1.d4 Nf6 2.c4 e6 3.Nc3 Bb4 4.Nf3 c5 5.g3 cxd4 6.Nxd4 O-O 7.Bg2 d5 8.Qb3 Qa5
9.O-O Nc6 10.Nc2 Bxc3 11.bxc3 Bd7 12.cxd5 exd5 13.Ne3 Be6 14.Qxb7 Rfc8 15.Qb2 Ne5
16.Qb4 Qc7 17.Bd2 Nc4 18.Nxc4 Qxc4 19.Qxc4 Rxc4 20.f3 Bf5 21.g4 Bg6 22.Rfd1 h6
23.Be1 Rb8 24.h4 Rb2 25.Rd2 Rxd2 26.Bxd2 h5 27.g5 Nd7 28.Be3 Rxc3 29.Bxa7 Ra3
30.Bd4 Ra4 31.e3 Nf8 32.f4 Ne6 33.Be5 d4 34.exd4 Nxd4 35.Bxd4 Rxd4 36.a4 Rxf4
37.a5 Bd3 38.a6 Bxa6 39.Rxa6 Rxh4 40.Bf3 g6 41.Kf2 Kg7 42.Ke3 Rb4 43.Be4 Rb5
44.Kf4 h4 45.Ra3 h3 46.Rxh3 f6 47.gxf6+ Kxf6 48.Rh6 Rg5 49.Rh8 Rg1 50.Rf8+ Kg7
51.Ra8 Rf1+ 52.Ke5 Kh6 53.Bd3 Rf2 54.Ra7 Rf3 55.Rd7 Rf2 56.Be4 Rf1 57.Rd6 Rg1
58.Bd3 Rg2 59.Be4 Rg1 60.Kf6 Rf1+ 61.Ke7 Rg1 62.Kf7 Rf1+ 63.Kg8 Rg1 64.Rd2 Rg4
65.Bc2 Rb4 66.Rh2+ Kg5 67.Rg2+ Rg4 68.Re2 Rc4 69.Bb3 Rb4 70.Bf7 Kf5 71.Rf2+ Rf4
72.Ra2 g5 73.Ra5+ Kf6 74.Ra6+ Ke5 75.Kg7 g4 76.Re6+ Kf5 77.Rg6 Ke4 78.Rg5 Rxf7+
79.Kxf7 Kf3  1/2-1/2

[Event "Najdorf Mem Open"]
[Site "Warsaw POL"]
[Date "2009.07.20"]
[Round "3"]
[White "Melkumyan,H"]
[Black "Malec,S"]
[Result "1-0"]
[WhiteElo "2530"]
[BlackElo "2041"]

1.d4 Nf6 2.c4 e6 3.Nc3 Bb4 4.Nf3 c5 5.g3 Nc6 6.Bg2 Ne4 7.Bd2 Bxc3 8.bxc3 O-O
9.O-O d6 10.Be3 Qe7 11.Qd3 f5 12.Nd2 Nxd2 13.Qxd2 Na5 14.dxc5 dxc5 15.Bg5 Qd7
16.Qe3 Qa4 17.Qxc5 Bd7 18.Qb4 Rac8 19.c5 Qb5 20.Rfd1 Rf7 21.Be3 Qa6 22.Rd6 Nc6
23.Qb3 Na5 24.Qd1 Bc6 25.Rxe6 Qc4 26.Bxc6 Nxc6 27.Rd6 Qxc3 28.Rb1 Qe5 29.Qb3 Qe7
30.Rd5 Kh8 31.Rbd1 h6 32.Rd6 Kh7 33.Re6 Qf8 34.Rdd6 Re7 35.Rxe7 Qxe7 36.Qd5 Qe5
37.Qf7  1-0

[Event "2nd Open"]
[Site "Paleohora GRE"]
[Date "2009.07.21"]
[Round "1"]
[White "Naoum,S"]
[Black "Kharitonov,Alexandr"]
[Result "1-0"]
[WhiteElo "1792"]
[BlackElo "2534"]

1.d4 Nf6 2.c4 e6 3.Nc3 Bb4 4.Nf3 b6 5.Qb3 a5 6.Bg5 Bb7 7.O-O-O O-O 8.e3 Bxc3
9.Qxc3 Ne4 10.Bxd8 Nxc3 11.bxc3 Rxd8 12.Bd3 d6 13.Rhe1 Nd7 14.e4 e5 15.Nd2 Nf8
16.Nf1 Ne6 17.Bc2 g6 18.Ne3 Kg7 19.Rd2 h5 20.h4 f6 21.f3 Kf7 22.Red1 Rg8
23.Bb3 a4 24.Bc2 Bc8 25.a3 g5 26.hxg5 Rxg5 27.Rh1 Bd7 28.g4 hxg4 29.Nxg4 Ng7
30.Ne3 Rg8 31.Nd5 Ne6 32.c5 Rg1+ 33.Rxg1 Rxg1+ 34.Kb2 bxc5 35.dxc5 Nxc5 36.Nxc7 Be6
37.Nb5 Rf1 38.Nxd6+ Ke7 39.Bd1 Nb3 40.Bxb3 Bxb3 41.Nf5+ Ke6 42.c4 Rxf3 43.c5 Bc4
44.c6 Bd3 45.c7 Kd7 46.Kc3 Kxc7 47.Rxd3 Rf4 48.Re3 Kb6 49.Kb4 Rf1 50.Kxa4 Kc5
51.Rc3+ Kb6 52.Ne7 Kb7 53.Re3 Kb6 54.Kb4 Kc7 55.a4 Rb1+ 56.Rb3 Rf1 57.a5 Kd6
58.Nf5+ Kc6 59.Rc3+ Kb7 60.Kc5 Ka6 61.Ra3 Rd1 62.Nd6 Rd4 63.Re3 Rd1 64.Nc4 Rd4
65.Re1 Rd8 66.Rf1 Rc8+ 67.Kd5 Rd8+ 68.Nd6 Rf8 69.Ke6 Kxa5 70.Rxf6 Rh8 71.Kxe5  1-0

[Event "Synthesia Rapid Open"]
[Site "Pardubice CZE"]
[Date "2009.07.22"]
[Round "1"]
[White "Pesout,J"]
[Black "Cvek,R"]
[Result "0-1"]
[WhiteElo "2248"]
[BlackElo "2520"]

1.d4 Nf6 2.c4 e6 3.Nc3 Bb4 4.Nf3 b6 5.e3 Bb7 6.Bd3 O-O 7.O-O Bxc3 8.bxc3 Be4
9.Qc2 Bxf3 10.gxf3 d6 11.Kh1 Nbd7 12.Rg1 e5 13.Rg3 g6 14.Bd2 Nh5 15.Rh3 Ng7
16.Rg1 Nf6 17.f4 exf4 18.exf4 d5 19.f5 dxc4 20.Bxc4 Qd7 21.Bd3 c5 22.Rh4 Qd5+
23.Be4 Nxe4 24.Qxe4 Qxe4+ 25.Rxe4 cxd4 26.cxd4 Nxf5 27.Bf4 Rad8 28.Rd1 Rd5
29.Be3 f6 30.Rc1 Rd7 31.Rc3 Kf7 32.Kg2 Rfd8 33.Kf3 h5 34.Rf4 Ne7 35.Re4 g5
36.h3 Nf5 37.Ke2 Nd6 38.Ke1  0-1

[Event "Synthesia Rapid Open"]
[Site "Pardubice CZE"]
[Date "2009.07.23"]
[Round "8"]
[White "Arutinian,D"]
[Black "Babula,V"]
[Result "1/2-1/2"]
[WhiteElo "2526"]
[BlackElo "2566"]

1.d4 Nf6 2.c4 e6 3.Nf3 Bb4+ 4.Nc3 c5 5.e3 O-O 6.Bd3 d5 7.O-O Nc6 8.a3 Bxc3
9.bxc3 Qc7 10.cxd5 exd5 11.Nd2 Re8 12.a4 Bg4 13.Qc2 c4 14.Bf5 Bxf5 15.Qxf5 Ne7
16.Qc2 Ng6 17.Re1 Re6 18.Nf1 Rae8 19.Bd2 Ne4 20.f3 Nxd2 21.Qxd2 Qe7 22.g3 f5
23.Re2  1/2-1/2

[Event "Najdorf Mem Open"]
[Site "Warsaw POL"]
[Date "2009.07.23"]
[Round "6"]
[White "Matuszewski,M"]
[Black "Graca,R"]
[Result "0-1"]
[WhiteElo "2301"]
[BlackElo "2183"]

1.d4 Nf6 2.c4 e6 3.Nc3 Bb4 4.Nf3 Ne4 5.Qd3 f5 6.g3 O-O 7.Bg2 d6 8.O-O Bxc3
9.bxc3 Nd7 10.Rb1 c6 11.Ba3 Qe7 12.Ne5 Ndf6 13.Qe3 c5 14.Nd3 b6 15.Nf4 Bd7
16.Nh3 e5 17.f3 f4 18.Qd3 Bxh3 19.Bxh3 Ng5 20.Bg2 Rae8 21.Rf2 fxg3 22.hxg3 Nh5
23.dxe5 dxe5 24.Kh2 Rf6 25.Rh1 Nxg3 26.Re1 Rd6 27.Qc2 N5e4 28.e3 Qh4+ 29.Kg1 Nxf2
30.Qxf2 Nf5 31.Qe2 Qg3 32.Bc1 Nh4 33.Rf1 Nxg2 34.Qxg2 Qxg2+ 35.Kxg2 Rd3  0-1

[Event "Czech Open A"]
[Site "Pardubice CZE"]
[Date "2009.07.25"]
[Round "2"]
[White "Cifka,S"]
[Black "Zwardon,V"]
[Result "1-0"]
[WhiteElo "2420"]
[BlackElo "2231"]

1.d4 Nf6 2.Nf3 e6 3.c4 Bb4+ 4.Nc3 b6 5.Qb3 Bxc3+ 6.Qxc3 Bb7 7.Bg5 d6 8.e3 Nbd7
9.Bd3 h6 10.Bh4 g5 11.Bg3 Ne4 12.Qc2 f5 13.d5 exd5 14.Nd4 Qf6 15.cxd5 Bxd5
16.Nb5 c6 17.Nc7+ Ke7 18.Nxa8 Rxa8 19.f3 Nxg3 20.hxg3 Rf8 21.O-O-O Nc5 22.Bc4 Bxc4
23.Qxc4 d5 24.Qd4 Ne6 25.Qa4 Kd6 26.Qxa7 Nc5 27.Qxb6 Ra8 28.Rxd5+  1-0

[Event "XXIV Rapid"]
[Site "Villarrobledo ESP"]
[Date "2009.07.25"]
[Round "3"]
[White "Ubilava,E"]
[Black "Ponomariov,R"]
[Result "0-1"]
[WhiteElo "2547"]
[BlackElo "2727"]

1.d4 Nf6 2.c4 e6 3.Nc3 Bb4 4.Nf3 d5 5.cxd5 exd5 6.Bg5 Nbd7 7.Rc1 O-O 8.e3 c5
9.Bd3 Qa5 10.O-O c4 11.Bb1 Bxc3 12.bxc3 Ne4 13.Be7 Re8 14.Bb4 Qc7 15.a4 a5
16.Ba3 Ra6 17.Nd2 Rh6 18.f4 Ndf6 19.Nf3 Ng4 20.Re1 Qd8 21.Bxe4 dxe4 22.Ng5 Rxh2
23.Qe2 h6 24.Nh3 Qh4 25.Bd6 Qg3 26.f5 Re5 27.Bxe5 Nxe5 28.Qf2 Nf3+ 29.Kf1 Rh1+
30.Ke2 Rxe1+ 31.Rxe1 Qxf2+ 32.Nxf2 Nxe1 33.Nxe4 Nxg2 34.Nd6 Bd7 35.e4 Bxa4
36.Kf2 Nf4 37.Nxc4 Bc2 38.Nxa5 Bxe4 39.Ke3 Bd5 40.Kxf4 b6 41.Ke5 bxa5 42.Kxd5 a4
43.Kc4 h5  0-1

[Event "ZMD Open"]
[Site "Dresden GER"]
[Date "2009.07.26"]
[Round "2"]
[White "Schmidt,Mau"]
[Black "Ovsejevitsch,S"]
[Result "0-1"]
[WhiteElo "1917"]
[BlackElo "2583"]

1.d4 Nf6 2.c4 e6 3.Nf3 Bb4+ 4.Nc3 O-O 5.Bg5 c5 6.Qc2 cxd4 7.Nxd4 Nc6 8.e3 h6
9.h4 d5 10.cxd5 Nxd4 11.exd4 exd5 12.O-O-O Bxc3 13.bxc3 hxg5 14.hxg5 Ne4
15.f4 Qa5 16.Bd3 Bf5 17.g4 Rfc8 18.Kb1 Nxc3+ 19.Ka1 Nxd1  0-1

[Event "zt 3.3"]
[Site "Ho Chi Minh City VIE"]
[Date "2009.07.26"]
[Round "6"]
[White "Nolte,R"]
[Black "Batchuluun,T"]
[Result "1/2-1/2"]
[WhiteElo "2458"]
[BlackElo "2384"]

1.d4 e6 2.c4 Nf6 3.Nc3 Bb4 4.Nf3 O-O 5.Bg5 h6 6.Bh4 b6 7.Nd2 Bb7 8.f3 d5
9.e3 Nbd7 10.Bd3 c5 11.cxd5 exd5 12.O-O cxd4 13.exd4 Re8 14.Rc1 a6 15.Bf5 Nf8
16.Re1 Rxe1+ 17.Qxe1 Bc8 18.Bb1 Bb7 19.Nf1 Ne6 20.Bf2 Qd7 21.Ng3 Be7 22.Rd1 b5
23.Nce2 Rc8 24.Nf5  1/2-1/2